Väčšina sa obáva finančných problémov
Ako pandémia ovplyvnila maloobchodníkov v nákupných centrách. Čoho sa obchodníci najviac obávajú. Oblasť podnikania. Úľavy zo strany prenajímateľa. Dopad koronakrízy po znovuotvorení spoločnosti v nadchádzajúcich mesiacoch.
Salvato in:
| Natura: | Capitolo di libro |
|---|---|
| Lingua: | slovacco |
| Soggetti: | |
| Tags: |
Nessun Tag, puoi essere il primo ad aggiungerne!!
|
MARC
| LEADER | 00000naa a2200000 4500 | ||
|---|---|---|---|
| 001 | 0269771 | ||
| 005 | 20201112102029.7 | ||
| 041 | 0 | |a slo | |
| 044 | |a SK | ||
| 245 | 1 | 0 | |a Väčšina sa obáva finančných problémov |
| 520 | |a Ako pandémia ovplyvnila maloobchodníkov v nákupných centrách. Čoho sa obchodníci najviac obávajú. Oblasť podnikania. Úľavy zo strany prenajímateľa. Dopad koronakrízy po znovuotvorení spoločnosti v nadchádzajúcich mesiacoch. | ||
| 610 | 2 | 0 | |a pandémia |
| 610 | 2 | 0 | |a maloobchod |
| 610 | 2 | 0 | |a centrá obchodné |
| 610 | 2 | 0 | |a nájomcovia |
| 610 | 2 | 0 | |a podnikanie |